On parallel methods for boundary value ODEs.

Prehľad niektorých metód paralelizovania riešenia diferenciálnych rovníc. Konštrukcia paralelného algoritmu stabilného riešenia a jeho vyhodnotenie. Konštrukcia algoritmu pre riešenie úloh s pevnými hranicami.

Na minha lista:
Detalhes bibliográficos
Autor principal: Ascher, U.M
Outros Autores: Chan, S.Y.P
Formato: Capítulo de Livro
Idioma:inglês
Assuntos:
Tags: Adicionar Tag
Sem tags, seja o primeiro a adicionar uma tag!

MARC

LEADER 00000naa a2200000 4500
001 r004213
005 20221130102805.1
041 0 |a eng 
044 |a AT 
245 1 0 |a On parallel methods for boundary value ODEs.  |c U.M. Ascher, S.Y.P. Chan 
520 |a Prehľad niektorých metód paralelizovania riešenia diferenciálnych rovníc. Konštrukcia paralelného algoritmu stabilného riešenia a jeho vyhodnotenie. Konštrukcia algoritmu pre riešenie úloh s pevnými hranicami. 
610 2 0 |a matematika 
610 2 0 |a metódy matematické 
610 2 0 |a algoritmy 
100 1 |a Ascher, U.M. 
700 1 |a Chan, S.Y.P.